MARC

LEADER 00000nam0a2200000 4500
001 329516
005 20231102004152.0
035 |a (RuTPU)RU\TPU\book\355276 
090 |a 329516 
100 |a 20170315d1957 km y0rusy50 ca 
101 0 |a rus 
102 |a RU 
105 |a a g 001zy 
200 1 |a Справочник конструктора по холодной штамповке  |f В. П. Островский  |g под ред. А. Н. Малова 
210 |a Москва  |c Машгиз  |d 1957 
215 |a 287 с.  |c ил. 
320 |a Библиогр.: с. 283 
606 1 |a Штамповка металлов, холодная  |2 stltpush  |3 (RuTPU)RU\TPU\subj\19475  |9 44713 
610 1 |a материалы 
610 1 |a резка 
610 1 |a гибка 
610 1 |a вытяжка 
610 1 |a формовочные работы 
610 1 |a калибровка 
610 1 |a штампы 
610 1 |a детали 
610 1 |a конструкции 
610 1 |a справочники 
675 |a 621.735.016(035)  |v 4 
700 1 |a Островский  |b В. П.  |g Виктор Петрович 
702 1 |a Малов  |b А. Н.  |4 340 
801 1 |a RU  |b 63413507  |c 20170315 
801 2 |a RU  |b 63413507  |c 20170321  |g RCR 
942 |c BK